00496nam a2200169Ia 4500008004100000082001300041100002800054245003300082250000900115260002500124300001100149500002400160650001500184942000700199952010300206999001700309230524s9999 xx 000 0 und d a612bGAN aWilliam F.Ganong924328 0aReview of Medical Physiology a22TH aNEW DELHIbMGHc2005 aIX;823 aQuantity Number: 1 aBiomedical cBK 00104070aTATCLbTATCLcGENd2023-05-24l0o612 GANp14168r2023-05-24w2023-05-24yBKzBSCP2201 c35894d35894